|
|
|
|
| LEADER |
00808ncm a22002292a 4500 |
| 001 |
000806791 |
| 003 |
CZ BrMZK |
| 005 |
20151210101114.0 |
| 007 |
qu |
| 008 |
060125s1914 gw |||||||||||||| zxx d |
| 040 |
|
|
|a BOA001
|b cze
|
| 072 |
|
7 |
|a 786
|x Hudba pro klávesové nástroje
|2 Konspekt
|9 9
|
| 100 |
1 |
|
|a Weigl, Bruno,
|d 1881-1938
|7 jk01151471
|4 cmp
|
| 245 |
1 |
0 |
|a Orgel-Kompositionen.
|n I. Fantasie
|h [hudebnina] :
|b (B dur) : Op. 16 /
|c Bruno Weigl
|
| 246 |
3 |
0 |
|a I. Fantasie
|
| 260 |
|
|
|a Leipzig :
|b F.E.C. Leuckart,
|c [1914?]
|
| 300 |
|
|
|a 1 partitura (11 s.)
|
| 510 |
4 |
|
|a [Winiker, C.: Haupt-Katalog der Musikalien-Leih-Anstalt,
|c 58769]
|
| 910 |
|
|
|a BOA001
|b Mus4-0210.229
|
| 990 |
|
|
|a MU
|
| 991 |
|
|
|b 201301
|
| 996 |
6 |
|
|b 2619217882
|c Mus4-0210.229
|l MZK
|r Sklad / do 1 hodiny
|n 1
|p W
|w 000806791
|u 000010
|a 1
|e BOA001
|j MZK50
|s P
|